| 000 | 00492cam a2200169 i 4500 | ||
|---|---|---|---|
| 001 | 1317878 | ||
| 005 | 20240319011156.0 | ||
| 008 | 790518s1976 ce 000 0 eng | ||
| 040 |
_aDLC _cDLC _dDLC |
||
| 082 | 0 | 0 |
_a323.632. _222 _bTHE. |
| 245 | 1 | 4 |
_aThe repatriates from Sri Lanka : _ba report / _cprepared by the Coordinating Secretariat for Plantation Areas. |
| 260 |
_aKandy : _bThe Secretariat, _c1976. |
||
| 300 | _a38 p. ; | ||
| 650 | 0 | _aRepatriation | |
| 650 | 0 | _aEast Indians | |
| 942 | _cL | ||
| 999 |
_c582 _d582 |
||